[Event "Match 77__120'/40"]
[Site "Zürich"]
[Date "2024.??.??"]
[Round "29"]
[White "Super Forte C 6 MHz sel. 4"]
[Black "Mephisto Polgar sel. 5"]
[Result "1-0"]
[WhiteElo "2009"]
[BlackElo "1981"]
[Annotator "Utzinger,K"]
[PlyCount "102"]
[EventDate "2024.??.??"]
[SourceVersionDate "2024.04.21"]

{[%evp 0,102,19,28,57,28,17,25,22,31,39,20,36,34,51,23,29,29,25,-31,-4,-4,-4,10,34,0,40,31,36,-1,13,10,19,23,19,21,19,16,30,12,30,22,28,24,24,15,10,17,7,-7,-31,-14,-14,-8,1,0,8,-10,0,-6,-15,0,3,0,0,-20,-3,-1,7,0,28,14,39,55,54,51,24,28,53,55,55,73,115,101,135,107,142,118,204,177,195,206,216,289,282,283,318,378,392,391,404,1013,904,992,1002]} 1. e4 e6 {Match 120'/40 | Bediener: Rolf Bühler | 29. Partie: Weiss (Super Forte C sel. 4) gewinnt | Zwischenstand: 15,0-14,0 (51,7%) für Mephisto Polgar sel. 5; hypothetisch: 15,5-13,5 (53,4%) für Mephisto Polgar sel. 5 | Buchzüge total: Super Forte C = 317, Mephisto Polgar = 285 | Aus der Französischen Verteidigung, Tarrasch Variante, entwickelt sich eine äusserst ruhige Partie. Praktisch fehlerfrei agieren beide Programme bis tief ins Endspiel. Hier begeht nun der Mephisto Polgar sel. 5 im letzten Zug vor der Zeitkontrolle mit 40...Ld7? doch noch einen entscheidenden Fehler und muss schliesslich die Waffen strecken.} 2. d4 d5 3. Nd2 c5 4. exd5 exd5 5. Ngf3 Nc6 6. Bb5 Bd6 {***ENDE BUCH***} 7. O-O cxd4 8. Nb3 Nge7 9. Bxc6+ {Eine wenig übliche Nebenvariante anstelle von 9.Sbxd4 hier.} bxc6 10. Qxd4 O-O 11. Bf4 {***ENDE BUCH***} Bf5 12. Bxd6 Qxd6 {Die Eröffnungsphase ist vorbei und das Spiel kann beginnen. Weiss steht eine Spur günstiger, hat er doch die etwas bessere Bauernstruktur.} 13. Rac1 Rfc8 14. Nc5 Bg6 15. Nh4 Re8 16. c4 Nf5 17. Nxf5 Bxf5 $11 {Noch immer befindet sich die Stellung völlig im Gleichgewicht. Dazu trägt auch der Umstand bei, dass es nur eine einzige offene Linie gibt. Auch befinden sich beide Könige in Sicherheit, und es fehlen Bauernmehrheiten, die Spannung erzeugen können. Somit ist Remis das wahrscheinlichste Resultat in dieser Partie.} 18. Rfe1 Rab8 19. Na6 Ra8 20. cxd5 Qxd5 21. Qxd5 cxd5 {Selbst der Damentausch hat am grundsätzlich ausgeglichenen Charakter der Stellung nichts geändert.} 22. Nc7 Rxe1+ {erzwungen} 23. Rxe1 Rb8 24. Na6 Rc8 25. f3 {Dem König ein Luftloch zu schaffen und dem gegnerischen Läufer die Felder e4 und g4 zu verwehren, kann nicht schaden. So erhält der weisse Turm volle Bewegungsfreiheit.} d4 26. Rd1 Rd8 {Schade: Bewegt den Turm weg von einer starken offenen Linie.} (26... Kf8 {Macht mehr Sinn: erlaubt dem Turm aktiv zu werden und die 8. Reihe zu verlassen, weil nun kein Grundlinienmatt mehr möglich ist.} 27. Rxd4 {bringt dann gar nichts ein wegen} Rc1+ 28. Kf2 Rc2+ 29. Kg3 Rxb2 $11) 27. Kf2 f6 28. Nb4 Rd6 29. Nd3 Kf7 30. g4 Bd7 $11 {Gleichwertige Alternative sind:} (30... Bxd3 31. Rxd3 Rb6 32. b3 Ra6 33. Rd2 g5 34. Ke2 Ke6 35. Rxd4 Rxa2+ 36. Ke3 Rxh2 37. Ra4 $11) (30... Bg6 31. Nf4 Bc2 32. Rd2 Bb1 33. b3 g5 34. Ne2 d3 35. Nc3 Bc2 $11) 31. h4 Bb5 32. b3 Ke6 (32... Bxd3 33. Rxd3 Ke6 $11) 33. Nf4+ Ke7 34. a4 Ba6 (34... Bd7 {Den Läufer auf der Diagonale e8-a4 zu belassen, ist eine Spur genauer.}) 35. h5 Rd8 $2 $16 {Erlaubt dem Gegner die Initiative zu übernehmen, weil das Feld e6 geschwächt wird.} (35... h6 36. Rc1 d3 37. Rd1 d2 38. Ke3 Bb7 $11) 36. Re1+ {Geschickt gruppiert nun der Super Forte C sel. 4 seine Figuren um und verbessert dadurch dauernd seine Stellung.} Kf7 37. Ne6 Rd6 38. Nc5 Bc8 39. Ne4 ({Noch stärker} 39. Rc1 Rc6 40. b4 {und die schwarze Stellung ist kaum mehr zu halten.}) 39... Rd5 40. Rc1 {Aber auch so, wie Weiss agiert hat, kann den Schwarzen nur noch äusserste exakte Verteidigung retten.} {[#]} Bd7 $2 {[%mdl 2] Nach einer bislang beidseits recht gut gespielten Partie strauchelt Schwarz doch noch und gerät in eine verlorene Stellung.} (40... Be6 {Nur so kann Schwarz noch Widerstand leisten.} 41. Rc7+ $2 Rd7 42. Rxd7+ Bxd7 43. Ke2 Be6 44. Nd2 h6 45. Kd3 f5 46. gxf5 Bxf5+ 47. Kxd4 g6 48. hxg6+ Kxg6 $11 {und der schwarze Freibauer auf der h-Linie rettet die Partie.}) 41. Rc7 $1 {Stark und entscheidend.} a6 42. Nc5 Ke7 43. Ke2 {Ein kleiner Schönheitsfehler, indem der sofortige Gewinn durch Übergang in ein gewonnenes Bauernendspiel verpasst wird. Eine Rettung für Schwarz gibt es trotzdem nicht mehr.} (43. Rxd7+ Rxd7 44. Nxd7 Kxd7 45. b4 Ke6 46. Ke2 Ke5 47. Kd3 Kd5 48. f4 h6 (48... g6 49. hxg6 hxg6 50. g5 f5 51. b5 axb5 52. axb5 Kc5 53. b6 Kxb6 54. Kxd4 Kc6 55. Ke5) 49. a5 Kc6 50. Kxd4 $18 {und gewinnt}) 43... g6 44. Kd3 gxh5 45. gxh5 a5 46. Nxd7 Rxd7 47. Rxd7+ Kxd7 48. Kxd4 {Weiss hat einen entscheidenden Bauern erobert und obendrei gerät Schwarz noch in Zugzwang. Vorerst droht Kd4-c5-b5xa5 mit 2 Mehrbauern.} Kd6 49. h6 f5 50. f4 {Jetzt muss der schwarze König weichen und der weisse König kann in die gegnerische Stellung eindringen.} Kc6 (50... Ke6 51. Kc5 $18) 51. Ke5 Kd7 {***AUFGEGEBEN***} 1-0

[Event "Match 77__120'/40"]
[Site "Zürich"]
[Date "2024.??.??"]
[Round "30"]
[White "Mephisto Polgar sel. 5"]
[Black "Super Forte C 6 MHz sel. 4"]
[Result "1/2-1/2"]
[WhiteElo "1981"]
[BlackElo "2009"]
[Annotator "Utzinger,K"]
[PlyCount "71"]
[EventDate "2024.??.??"]
[SourceVersionDate "2024.04.21"]

{[%evp 0,71,37,-4,-6,2,-9,-15,16,10,39,53,93,45,34,45,63,33,46,3,66,1,-7,-56,21,-28,-36,-37,22,-24,-5,-5,16,-1,-1,-1,-1,-1,-1,-1,74,59,90,0,148,-87,-82,-82,-82,-123,-123,-123,-123,-113,-113,-108,0,0,0,0,0,0,0,-18,0,0,0,0,0,0,0,0,0,0]} 1. c4 e5 {Match 120'/40 | Bediener: Rolf Bühler | 30. Partie: Remis | Zwischenstand: 15,5-14,5 (51,6%) für Mephisto Polgar sel. 5; hypothetisch: 16,5-13,5 (55%) für Mephisto Polgar sel. 5 | Buchzüge total: Super Forte C = 322, Mephisto Polgar = 290 | Englisch, Bellon Gambit steht zur Debatte, wo der Super Forte C sel. 4 bereits mit 19...fxe5 einen Verlustzug produziert. Zwar kann der Mephisto Polgar sel. 5 diesen Fehler nicht ausnützen. Aber bereits zwei Züge später gerät Schwarz mit 21...a6 wieder in eine verlorene Stellung. Wiederum zwei Züge später ist es jedoch Weiss, der mit 23.Sxc6? einen entscheidenden Fehler hinlegt. Indessen ist auch Schwarz nicht in der Lage, davon zu profitieren. Und so endet diese für beide Programme zu schwierige Partie mit einem gerechten Remis durch 3fache Zugwiederholung.} 2. Nc3 Nf6 3. Nf3 e4 {Statistisch betrachtet ist das keine optimale Fortsetzung, weil Schwarz praktisch gezwungen wird, einen Bauern zu opfern.} 4. Ng5 b5 {Eine Idee des spanischen GM Juan Manuel Bellón López.} 5. d3 {***ENDE BUCH***} exd3 {***ENDE BUCH***} 6. Nxb5 dxe2 7. Qxe2+ Be7 8. Bf4 d6 9. Rd1 Na6 10. Qf3 d5 11. Qe3 h6 12. Nf3 O-O 13. Be2 Re8 14. O-O Bd6 15. Ne5 Nd7 16. Rxd5 Bxe5 17. Bxe5 f6 18. Rfd1 c6 19. Bf3 {[#]} fxe5 $2 {[%mdl 2] Ein Fehler, der verlieren sollte. Notwendig war 19...cxd5 ausgeglichen.} 20. R5d2 Nab8 21. Be4 $6 {[%mdl 32768] Danach hat Weiss nur noch geringen Vorteil. Mit 21.Sd6! hätte Weiss den Gewinnweg beschreiten können.} (21. Nd6 $1 {kommt praktisch einem Gewinnzug gleich.} Rf8 22. Bg4 Qe7 23. Nxc8 Rxc8 24. Bxd7 Nxd7 25. Rxd7 $18) 21... a6 $2 {[%mdl 2] Stürzt erneut in eine verlorene Stellung. Richtig war 21...Tf8, was dem Weissen die Aufgabe stark erschwert hätte.} 22. Na7 $2 $11 {[%mdl 32768] Vermasselt den Gewinn, der mit 22.Sd6 zu erzielen war.} (22. Nd6 Rf8 23. c5 {droht mit Db3+ Kh8, Sf7+ zu gewinnen.} Kh8 24. Qb3 Qf6 25. Bb1 e4 (25... Nxc5 $2 26. Qc2 $18) 26. Nxc8 Nxc5 (26... Rxc8 $2 27. Qb7 $18) 27. Qe3 Nbd7 28. Nd6 Qf4 29. Qxf4 Rxf4 30. Nxe4 Nxe4 31. Rxd7 Nc5 32. R7d6 $18) 22... Bb7 {[#]} 23. Nxc6 $2 {[%mdl 32770] Nun ist es Weiss, der sich einen gravierenden Missgriff leistet, der die Partie auf den Kopf stellen könnte.} Bxc6 24. Bxc6 Nxc6 25. Rxd7 Qf6 {Auch 25...Dh4 ist sehr stark.} (25... Qh4 26. R1d6 Rad8 27. b3 Rxd7 28. Rxd7 e4 $19 {ist objektiv gewonnen für Schwarz, wenn auch unter Oldies die Sache noch lange nicht klar wäre.}) 26. R1d6 Re6 27. Qc5 $6 (27. c5 {bietet bessere Verteidigungschancen} Rxd6 28. Rxd6 Qf5) 27... Rxd6 $2 {[%mdl 32768] Damit zerstört Schwarz seine Gewinnchancen.} (27... Nd4 $1 28. Rxe6 (28. f3 Qg5 $19) 28... Nxe6 29. Qb6 Rf8 30. h3 (30. f3 e4 $19) 30... Qf5 $19) 28. Rxd6 Qf5 29. Qd5+ Kh7 30. h3 Rb8 31. Qxc6 Rxb2 32. f3 Rb1+ 33. Kf2 Rb2+ 34. Kg1 Rb1+ 35. Kf2 Rb2+ 36. Kg1 {***3x REMIS***} 1/2-1/2

[Event "Match 77__120'/40"]
[Site "Zürich"]
[Date "2024.??.??"]
[Round "31"]
[White "Super Forte C 6 MHz sel. 4"]
[Black "Mephisto Polgar sel. 5"]
[Result "0-1"]
[WhiteElo "2009"]
[BlackElo "1982"]
[Annotator "Utzinger,K"]
[PlyCount "115"]
[EventDate "2024.??.??"]
[SourceVersionDate "2024.04.21"]

{[%evp 0,99,28,19,40,57,75,70,58,26,38,-3,19,6,2,6,17,21,21,16,16,14,9,9,3,11,56,39,14,9,65,84,45,59,54,58,88,88,101,94,95,96,103,66,75,75,82,79,78,60,64,70,62,74,58,22,28,30,84,78,73,94,94,71,89,89,97,15,22,28,12,25,29,-21,-18,-24,-5,-15,0,-12,-26,-26,-32,-32,-42,-42,-42,-28,-48,-53,-53,-61,-70,-74,-85,-76,-92,-97,-101,-97,-101,-112]} 1. e4 c5 {Match 120'/40 | Bediener: Rolf Bühler | 31. Partie: Schwarz (Mephisto Polgar sel. 5) gewinnt | Zwischenstand: 16,5-14,5 (53,2%) für Mephisto Polgar sel. 5; hypothetisch: 16,5-14,5 (53,2%) für Mephisto Polgar sel. 5 | Buchzüge total: Super Forte C = 328, Mephisto Polgar = 294 | In der Sizilianischen Verteidigung, Prins Variante, werden bereits im 10. Zug die Damen getauscht. In leicht schlechterer Stellung gerät Schwarz (Polgar) mit 17...Txd1 in eine verlorene Stellung. Diesen Vorteil wirft der Super Forte C sel. 4 mit 37.Te7? weg. Wenig später kommt es aber für das Programm von David Kittinger noch schlimmer, begeht er doch im Springer-/Läuferendspiel einen schlimmen Fehler. Schwarz nutzt die günstige Gelegenheit und wickelt in ein gewonnenes Bauernendspiel ab.} 2. Nf3 d6 3. d4 cxd4 4. Nxd4 Nf6 {***ENDE BUCH***} 5. f3 {Eine löbliche Abweichung der Standardvariante mit 5.Sc3, die sogenannte Prins Variante, benannt nach dem niederländischen GM Lodewijk Prins (27.01.2013 - 11.11.1999).} e5 6. Bb5+ {***ENDE BUCH***} (6. Nb3 Be7 7. c4 a5 8. Be3 a4 9. Nc1 O-O 10. Nc3 Qa5 11. Qd2 Na6 12. Be2 Nc5 13. O-O Bd7 14. Rb1 Rfc8 15. b4 axb3 16. axb3 Qd8 17. Nd3 Ne6 18. Nb4 Bc6 19. Rfd1 h5 20. Bf1 h4 21. Qf2 Nd7 22. g3 Ra3 23. Bh3 Rca8 24. Nc2 R3a6 25. Nb4 Ra5 26. Nc2 b6 27. Rd2 Qc7 28. Rbd1 Bf8 29. gxh4 Nf4 30. Bxf4 exf4 31. Bxd7 Qxd7 32. Nb4 Ra3 33. Nxc6 Qxc6 34. Nb5 Rxb3 35. Nd4 Qxc4 36. Nxb3 Qxb3 37. Qe2 Be7 38. Kg2 Qe6 39. h5 Ra3 40. Rd3 Ra2 41. R3d2 Ra3 42. Rd3 Ra7 43. Rd5 Rc7 44. Qd2 Qf6 45. Rf5 Qh4 46. Rc1 Ra7 47. Qxf4 Ra2+ 48. Kh1 Qf2 49. Rc8+ Kh7 50. Qh6+ {1-0 (50) Carlsen,M (2853)-Karjakin,S (2772) World Championship Playoff 2016}) 6... Bd7 (6... Nbd7 {gilt als sehr befriedigend für Schwarz} 7. Nf5 d5 $1 8. exd5 a6 9. Ba4 {Interessanterweise goutiert Stockfish 16.1 diesen üblichen Rückzug nicht, der unter den 3 Bestzügen 9.Le2, 9.Lxd7 oder 9.Ld3 nirgends auftaucht.} b5 10. Bb3 Nc5 11. Ne3 Bd6 12. O-O O-O 13. Nc3 Qc7 14. Qe1 e4 15. Qh4 Re8 16. f4 Bd7 17. Bd2 Rab8 18. Ne2 Nxb3 19. cxb3 Qb6 20. Kh1 Bc5 21. Qg3 Nh5 22. Qf2 Nf6 23. b4 Ng4 24. bxc5 Nxf2+ 25. Rxf2 Qxc5 26. Rc1 Qb6 27. Rff1 Rbc8 28. Rcd1 h6 29. Ng3 b4 30. f5 f6 31. Nh5 Re7 32. Nf4 Bb5 33. Rfe1 a5 34. Ne6 Bd3 35. Ng4 Rc2 36. Bf4 Rd7 37. Bxh6 Rxd5 38. Bxg7 Rxf5 39. Nh6+ Kh7 40. Nxf5 Qxe6 41. Nd4 Qxa2 42. Nxc2 Kxg7 43. Ne3 Qxb2 44. Rc1 Qe5 45. Rc8 b3 46. Rec1 b2 47. R1c7+ Kh6 48. Rh8+ Kg5 49. h4+ Kf4 50. Nf1 Bxf1 {0-1 (50) Heimann,A (2581)-Kanarek,M (2484) Warsaw 2021}) 7. Bxd7+ Qxd7 8. Nf5 d5 $11 {Schwarz hat damit problemlos eine ausgeglichene Stellung erreicht.} 9. Bg5 dxe4 (9... d4 {ist der einzige Weg zum Ausgleich.} 10. c3 Nc6 $11) 10. Bxf6 Qxd1+ 11. Kxd1 gxf6 12. fxe4 Rg8 13. Nc3 {Dass der Super Forte C sel. 4 nicht 13.g3 spielt und den g2-Bauern hergibt, finde ich recht erstaunlich. Er erkennt offenbar, dass er nach 13...Txg2 14.Sd5 mit der Doppeldrohung Sc7+ und Sxf6+ den Bauern wieder zurückgewinnt. Und dies scheint er besser zu bewerten. Stockfish 16.1 sieht das gerade umgekehrt.} Nc6 ({Stockfish 16.1: 1)} 13... Rxg2 {Bewertung 0.19 (52%) ST 41} 14. Nd5 Na6 15. Nxf6+ Kd8 16. Ne3 Rg6 17. Nfd5 Bc5 18. Ke2 Bxe3 19. Nxe3 Nc5 20. Rad1+ Ke8 21. Rd5 Nxe4 22. Rxe5+ Re6 23. Rxe6+ fxe6 24. Rg1 Kf7 25. Rg4 Nd6 26. Rh4 Kg6 27. Rd4 Rd8 28. c4 b6 29. b4 Kf6 30. Ng4+ Kf5 31. Kf3 Nf7 32. Rf4+ Kg6 33. Ke4 Kg7 34. Rf2 Rd1 35. c5 bxc5 36. bxc5 Rc1 37. Kd4 h5 38. Ne3 Nd8 39. Nc2 Nc6+ 40. Kc3 Kg8 41. a3 {[%eval 19,41] [%wdl 45,944,11]}) ({Stockfish 16.1: 2)} 13... Nc6 {Bewertung 0.36 (54%) ST 40} 14. Nd5 O-O-O 15. g3 Rg4 16. Re1 h5 17. c3 Rg5 18. Rf1 Rg4 19. Ke2 Rxe4+ 20. Kf3 Ra4 21. Nxf6 Rd2 22. Rf2 Rxf2+ 23. Kxf2 Na5 24. Nxh5 Nb3 25. Rb1 Rxa2 26. Ke3 Kd7 27. g4 Ke6 28. Nhg3 Na5 29. Kd3 b5 30. Ne4 Nc4 31. b3 Nd6 32. Nfxd6 Bxd6 33. Rh1 b4 34. h4 bxc3 35. h5 c2 36. Nxd6 Kxd6 37. Rc1 Ke6 38. Rxc2 Ra1 39. h6 Kf6 40. Rh2 Rd1+ 41. Ke4 {[%eval 36,40] [%wdl 84,910,6]}) 14. g3 Rd8+ $6 (14... O-O-O+ {vermag besser zu gefallen.}) 15. Ke2 Nd4+ 16. Nxd4 Rxd4 17. Rad1 $16 {[#]} Rxd1 $2 $18 {[%mdl 2] Aus Sicht von Stockfish 16.1 bereits ein Verlustzug. Für unsere Oldies ist das bei weitem nicht klar. Besser sind:} (17... Rg5 $16) (17... Rg6 $16) 18. Rxd1 $18 Ke7 {Ein komischer Zug.} 19. Nd5+ Ke6 20. Nc7+ Ke7 21. Kf3 {Dass der auf Gewinn stehende Super Forte C sel. 4 nicht auf Dauerschach aus ist, kann man verstehen.} (21. Nd5+ Ke6 22. Nc7+ Ke7 23. Nd5+ Ke6 24. Nc7+ {Remis 3x}) 21... Bh6 22. Nd5+ Ke6 23. c3 a6 24. Nb6 Rb8 {[#]} 25. b3 $2 {Ein positioneller Missgriff. Die folgende Antwort hätte Weiss vermeiden sollen, kann doch Schwarz nun einen Freibauern bilden.} (25. g4 $1 {stoppt den Vormarsch f6-f5.}) 25... f5 $1 26. exf5+ Kxf5 $14 {Von einem weissen Gewinn kann nun keine Rede mehr sein.} 27. a4 e4+ $11 {Ausgleich} 28. Ke2 Kg5 $2 $16 {[%mdl 32768] Ein mehr als seltsames Manöver, gehört der König doch nach e6.} 29. Rd7 Kf6 30. Rd6+ Kg7 {Der schwarze König ist nun abgedrängt worden und Weiss wieder auf mehr als ein Remis hoffen. Allerdings sind unsere Oldies in derartigen Stellungen überfordert: mangelndes Schachwissen und ungenügende Rechentiefe sind der Grund dafür.} 31. Rd4 $6 {Keine zur Stellung passende Fortsetzung; Stockfish 16.1 packt zwei (2) Gewinnzüge aus mit Varianten, die für unsere Oldies unerreichbar sind.} ({Stockfish 16.1: 1)} 31. h4 Bc1 32. a5 Re8 33. b4 e3 34. Rd7 Bd2 35. Rd3 Bc1 36. Nc4 Re4 37. Nxe3 f5 38. Kf3 Kf6 39. Nd5+ Kg6 40. Nb6 Kf7 41. Na4 Re7 42. Nc5 Rc7 43. Ke2 Re7+ 44. Kf2 Ke8 45. Nb3 Bh6 46. Nd4 Rf7 47. Rf3 f4 48. g4 Bg7 49. Rd3 Rd7 50. Kf3 Be5 51. Ke4 Re7 52. Nf5 Re6 53. c4 Bb8+ 54. Kf3 Re1 55. Nd6+ Ke7 56. Nxb7 Rf1+ 57. Ke2 Rc1 58. Nc5 Rxc4 59. Nxa6 Be5 60. g5 {[%eval 313,40] [%wdl 1000,0,0]}) ({Stockfish 16.1: 2)} 31. Nd5 Bg5 32. h4 Bc1 33. a5 Bb2 34. Rd7 Rc8 35. c4 Rc5 36. Ke3 Rxa5 37. Kxe4 Ra1 38. Rxb7 Re1+ 39. Kf3 Ba3 40. b4 Rc1 41. Ne3 h5 42. Ke4 Kg6 43. Rb6+ f6 44. Kd3 Bb2 45. Rxa6 Be5 46. Ra2 Kf7 47. c5 Bxg3 48. Nf5 Be1 49. Ra7+ Kf8 50. Rb7 Bxb4 51. Rxb4 Rxc5 52. Ke4 Rc1 53. Rb8+ Kf7 54. Rb7+ Kf8 55. Ng7 Rf1 56. Ne6+ Kg8 57. Rd7 Rf2 58. Rd5 Rf1 59. Nf4 Kf7 60. Rxh5 Kg7 61. Kf5 Rf2 62. Kg4 Rf1 63. Rf5 {[%eval 311,40] [%wdl 1000,0,0]}) 31... Re8 32. Rd7 $16 Rb8 $2 $18 {Zu passiv und somit der falsche Weg.} (32... Re6 33. Rxb7 Rd6 34. Nc4 Rd3 35. Rb6 f5 36. Rxa6 Rxc3 37. Rb6 f4 $1 38. gxf4 (38. Rb7+ Kg6 39. Rb6+ Kg7 40. Rb7+ Kg6 41. Rb6+ Kg7 42. Rb7+ $11) 38... Bxf4 39. a5 Rc2+ 40. Ke1 Rc1+ 41. Kf2 Rc2+ 42. Ke1 Rc1+ 43. Kf2 Rc2+ 44. Kg1 Bxh2+ 45. Kf1 Bg3 46. a6 Rf2+ 47. Kg1 Ra2 48. Re6 h5 49. Rxe4 Rxa6 $11) 33. Re7 $2 $11 {[%mdl 32768] Aber das vergibt den mit 33.c4 oder 33.h4 möglichen Gewinn.} Rd8 34. Rxe4 Rd2+ 35. Kf1 Rxh2 36. Re2 Rh1+ {Auch der Turmtausch ergibt Ausgleich.} 37. Kg2 Rd1 38. b4 Rd3 39. c4 Bd2 40. b5 Bb4 41. bxa6 bxa6 42. Nd5 Bd6 43. Re3 Rxe3 44. Nxe3 Kf6 45. Kf3 Ke5 46. Ng4+ Kd4 47. Nh6 Kxc4 (47... f6 48. Nf5+ Kc5 49. Nxd6 Kxd6 50. Ke4 $11) 48. Nxf7 Be7 49. Ne5+ Kb3 50. a5 Ka4 51. Ke4 Bd6 {[#]} ({Selbst} 51... Kxa5 52. Nc6+ Kb6 53. Nxe7 {ist Remis} a5 54. Kd4 a4 55. Kc4 a3 56. Nd5+ Kc6 57. Kd4 Kd7 58. Kc3 Ke6 $11) 52. Kd4 $2 {[%mdl 32770] Verlustzug, denn Weiss verliert ein entscheidendes Tempo im Bauernendspiel. 52.g4! hingegen macht Remis.} (52. g4 $1 Bxe5 53. Kxe5 Kxa5 54. Kf6 Kb4 55. g5 a5 56. Kg7 a4 57. Kxh7 a3 58. g6 a2 59. g7 a1=Q 60. g8=Q {Rremis}) 52... Bxe5+ 53. Kxe5 Kxa5 54. Kd4 (54. g4 {kommt jetzt zu spät} Kb4 55. g5 a5 56. Kf6 a4 57. Kg7 a3 58. Kxh7 a2 59. g6 a1=Q 60. g7 {denn Schwarz kann nun auf klassische Art gewinnen, die Umwandlung des weissen Bauern verhindern und diesen schliesslich erobern.} Qh1+ 61. Kg6 Qd5 62. Kh7 Qh5+ 63. Kg8 Kc5 {Der König nähert sich dem Bauern.} 64. Kf8 Qf5+ 65. Ke7 Qg6 66. Kf8 Qf6+ 67. Kg8 Kd5 {Und schon ist der König dem Bauern einen Schritt näher.} 68. Kh7 Qf7 69. Kh8 Qh5+ 70. Kg8 Ke6 71. Kf8 Qf7#) 54... Kb4 55. Kd3 Kb3 56. g4 a5 57. Kd2 Kb2 58. g5 {***AUFGEGEBEN***} 0-1